Zurbarán (Record no. 7160)

MARC details
000 -LEADER
campo de control de longitud fija 00881nam a2200253 i 4500
001 - NÚMERO DE CONTROL
campo de control 7160
003 - IDENTIFICADOR DE NÚMERO DE CONTROL
campo de control ES-MaACL
005 - FECHA Y HORA DE LA ÚLTIMA TRANSACCIÓN
campo de control 20250727154943.0
007 - CAMPO FIJO DE DESCRIPCIÓN FÍSICA--INFORMACIÓN GENERAL
campo de control de longitud fija t|
008 - DATOS DE LONGITUD FIJA--INFORMACIÓN GENERAL
campo de control de longitud fija 900925s1989 sp a |||| |dspa d
020 ## - NÚMERO INTERNACIONAL ESTÁNDAR DEL LIBRO
Número Internacional Estándar del Libro 84-381-0140-2
080 ## - NÚMERO DE LA CLASIFICACIÓN DECIMAL UNIVERSAL
Número de la Clasificación Decimal Universal 75(46)"16"
080 ## - NÚMERO DE LA CLASIFICACIÓN DECIMAL UNIVERSAL
Número de la Clasificación Decimal Universal 75Zurbarán
100 1# - ENTRADA PRINCIPAL--NOMBRE DE PERSONA
Nombre de persona Pemán, César.
9 (RLIN) 90129
245 10 - MENCIÓN DEL TÍTULO
Título Zurbarán
Resto del título : y otros estudios sobre pintura del XVII español /
Mención de responsabilidad, etc. César Pemán ; prólogo de Alfonso E. Pérez Sánchez ; introducción de Jonathan Brown.
260 ## - PUBLICACIÓN, DISTRIBUCIÓN, ETC.
Lugar de publicación, distribución, etc. Madrid :
Nombre del editor, distribuidor, etc. Alpuerto,
Fecha de publicación, distribución, etc. 1989.
300 ## - DESCRIPCIÓN FÍSICA
Extensión 353 p. :
Otras características físicas il. ;
Dimensiones 24 cm.
600 14 - PUNTO DE ACCESO ADICIONAL DE MATERIA--NOMBRE DE PERSONA
Nombre de persona Zurbarán, Francisco de,
Fechas asociadas al nombre 1598-1664
9 (RLIN) 240980
650 #4 - PUNTO DE ACCESO ADICIONAL DE MATERIA--TÉRMINO DE MATERIA
Término de materia o nombre geográfico como elemento de entrada Pintura española-
Subdivisión general S.XVII.
9 (RLIN) 16041
700 1# - ENTRADA AGREGADA--NOMBRE PERSONAL
Nombre de persona Pérez Sánchez, Alfonso E.,
Fechas asociadas al nombre 1935-2010
9 (RLIN) 240883
700 1# - ENTRADA AGREGADA--NOMBRE PERSONAL
Nombre de persona Brown, Jonathan,
Fechas asociadas al nombre 1939-
9 (RLIN) 32005
852 ## - LOCALIZACIÓN
Ubicación ES-MaACL
Número de control de estantería L-14397
Nota libre . - rust.
Holdings
Estatus retirado Estado de pérdida Estado de daño No para préstamo Biblioteca de origen Biblioteca actual Ubicación en estantería Fecha de adquisición Fuente de adquisición Total de préstamos Signatura topográfica completa Código de barras Visto por última vez Precio de reemplazo Tipo de ítem Koha
        Biblioteca del Ateneo de Madrid Biblioteca del Ateneo de Madrid Depósito 2 17/01/2008     L-14397 1007298 23/02/2023 23/02/2023 Libro impreso